00618 2200193 4500001002100000005001700021008004100038020001800079035002400097082001100121090002400132100001700156245012600173250001100299260003100310300002600341700004500367999001200412YOGYA-0311000000057520110330074922.0 ind  a979-672-870-2 0010-031100000000575 a028.55 a028.55bAmocNlDEP aAMOS, Janine aNo, thank you! Tidak terima kasih!/Janine Amos; ilustrasi oleh Annabel Spenceley; teks Indonesia oleh B. Eny Wahyuningsih aCet.1. aYogyakartabKanisiusc2001 a32 hlm.bilus.c21 cm aSpenceley, AnnabelaWahyuningsih, B. Eny a2001-48